| 000 | 00407nam a22001697a 4500 | ||
|---|---|---|---|
| 005 | 20180518105835.0 | ||
| 008 | 160614b xxu||||| |||| 00| 0 eng d | ||
| 020 | _a978-81-203-1235-7 | ||
| 041 | _aeng | ||
| 082 |
_b7412 _a519.5 |
||
| 100 |
_aRubin, David S & Levin, Richard I _91879 |
||
| 245 | _aStatistics for Management | ||
| 260 | _bPHI | ||
| 300 | _a1026 | ||
| 650 |
_aManagement _9241 |
||
| 942 | _cBK | ||
| 999 |
_c2642 _d2641 |
||